[Event "39th World U20 ch"]
[Site "Yerevan ARM"]
[Date "2000.09.19"]
[Round "2.6"]
[White "De Vreugt, Dennis"]
[Black "Miton, Kamil"]
[Result "0-1"]
[WhiteElo "2511"]
[BlackElo "2443"]
[EventDate "2000.09.18"]
[PlyCount "74"]

1.e4 c5 2.Nf3 Nc6 3.d4 cxd4 4.Nxd4 e5 5.Nb5 d6 6.c4 Be7 7.N1c3 a6 8.Na3 
Nf6 9.Be2 Nd4 10.Nc2 Nxe2 11.Qxe2 O-O 12.O-O Be6 13.b3 Rc8 14.Bb2 Qa5 15.
Ne3 b5 16.Ncd5 Nxd5 17.cxd5 Bd7 18.g3 f5 19.Nxf5 Bxf5 20.exf5 Rxf5 21.f4 
Qb6+ 22.Rf2 Rcf8 23.Rf1 Qc5 24.Qe4 Bg5 25.Kg2 exf4 26.h4 Bh6 27.g4 Qxd5 
28.Kf3 g5 29.hxg5 Rxg5 30.Qxd5+ Rxd5 31.Ke4 Rc5 32.Bd4 Re8+ 33.Kd3 Rd5 34.
Rf3 Kf7 35.Rh1 Kg6 36.Rc1 Kg5 37.Rh3 Kxg4 0-1

[Event "39th World U20 ch"]
[Site "Yerevan ARM"]
[Date "2000.09.19"]
[Round "2.7"]
[White "Jenni, Florian"]
[Black "Iliushin, Alexei"]
[Result "1/2-1/2"]
[WhiteElo "2440"]
[BlackElo "2509"]
[EventDate "2000.09.18"]
[PlyCount "116"]

1.e4 e6 2.d4 d5 3.Nc3 Nf6 4.Bg5 Be7 5.e5 Nfd7 6.Bxe7 Qxe7 7.f4 Nb6 8.Nf3 
Bd7 9.Qd2 Nc6 10.a4 Nb4 11.Nb5 Bxb5 12.axb5 Nc4 13.Bxc4 dxc4 14.Ra4 Nd5 
15.O-O Qd7 16.Rxc4 Qxb5 17.b3 Qd7 18.Ng5 h6 19.Ne4 b6 20.Ng3 O-O 21.Ra4 a5
22.Raa1 Rad8 23.Rad1 f5 24.c4 Nb4 25.Qe2 c6 26.Nh5 Qf7 27.g4 Qg6 28.h3 
fxg4 29.Qxg4 Qxg4+ 30.hxg4 Nc2 31.d5 Ne3 32.d6 Nxf1 33.Kxf1 g6 34.Nf6+ 
Rxf6 35.exf6 g5 36.fxg5 hxg5 37.Ke2 Kf7 38.Ke3 Kxf6 39.Ke4 e5 40.Rh1 Rxd6 
41.Rh6+ Ke7 42.Rh7+ Ke6 43.Rh6+ Kd7 44.Rh7+ Kc8 45.Rg7 Rd4+ 46.Kxe5 Rd3 
47.Rxg5 Kb7 48.Rg7+ Ka6 49.Rc7 c5 50.g5 Rxb3 51.g6 Rg3 52.Kf6 a4 53.g7 Ka5
54.Ra7+ Kb4 55.Ra6 Kxc4 56.Rxb6 a3 57.Ra6 Kb4 58.Rb6+ Kc4 1/2-1/2

[Event "39th World U20 ch"]
[Site "Yerevan ARM"]
[Date "2000.09.19"]
[Round "2.9"]
[White "Perelshteyn, Eugene"]
[Black "Gershon, Alik"]
[Result "1-0"]
[WhiteElo "2424"]
[BlackElo "2502"]
[EventDate "2000.09.18"]
[PlyCount "61"]

1.e4 c5 2.Nf3 e6 3.d4 cxd4 4.Nxd4 a6 5.Nc3 b5 6.Bd3 Qb6 7.Nb3 Qc7 8.O-O 
Bb7 9.Qe2 Nc6 10.f4 d6 11.Be3 Nf6 12.a4 b4 13.Nd1 Na5 14.Nf2 Be7 15.Bd2 
Nxb3 16.cxb3 Qa5 17.Qe1 d5 18.e5 Nd7 19.f5 O-O 20.Ng4 Qb6+ 21.Kh1 exf5 22.
Bxf5 Nc5 23.Nf6+ Bxf6 24.exf6 g6 25.Qh4 d4 26.Bh3 Kh8 27.Qh6 Rg8 28.Rf4 
Bxg2+ 29.Bxg2 g5 30.Bxa8 gxf4 31.Rg1 1-0

[Event "39th World U20 ch"]
[Site "Yerevan ARM"]
[Date "2000.09.19"]
[Round "2.10"]
[White "Ganguly, Surya Shekhar"]
[Black "Felgaer, Ruben"]
[Result "1/2-1/2"]
[WhiteElo "2498"]
[BlackElo "2390"]
[EventDate "2000.09.18"]
[PlyCount "138"]

1.e4 c5 2.Nf3 d6 3.d4 cxd4 4.Nxd4 Nf6 5.Nc3 g6 6.Be3 Bg7 7.f3 O-O 8.Qd2 
Nc6 9.Bc4 Nxd4 10.Bxd4 Be6 11.Bb3 Qa5 12.O-O-O b5 13.Kb1 b4 14.Nd5 Bxd5 
15.exd5 Qb5 16.Rhe1 a5 17.Qd3 Qxd3 18.Rxd3 a4 19.Bc4 Rfc8 20.Bb5 Ra5 21.
Bc6 Nxd5 22.Bxd5 Rxd5 23.Bxg7 Rxd3 24.cxd3 Kxg7 25.Rxe7 b3 26.Re4 Rc2 27.
Rxa4 Rxg2 28.axb3 Rxh2 29.b4 Re2 30.Ka2 h5 31.Kb3 Re8 32.Kc4 h4 33.Kd5 g5 
34.b5 h3 35.Ra1 f5 36.Rh1 Rh8 37.b6 Kg6 38.b7 g4 39.Kxd6 Kg5 40.Rc1 Rb8 
41.Kc7 Rxb7+ 42.Kxb7 g3 43.d4 h2 44.d5 g2 45.d6 g1=Q 46.d7 Qd4 47.Kc8 h1=Q
48.Rxh1 Qc5+ 49.Kb7 Qd6 50.Rh7 Kg6 51.Kc8 Qc6+ 52.Kb8 Qb5+ 53.Kc7 Qc5+ 54.
Kb7 Qb4+ 55.Kc7 Qc4+ 56.Kb7 Qd5+ 57.Kc7 Qc4+ 58.Kb7 Qb3+ 59.Kc7 Qc2+ 60.
Kd6 Qd2+ 61.Kc7 Qc1+ 62.Kd6 Qf4+ 63.Ke7 Qe5+ 64.Kf8 Qd6+ 65.Ke8 Qe6+ 66.
Kf8 Qd5 67.Ke7 Qe5+ 68.Kf8 Qd4 69.Ke8 Qe5+ 1/2-1/2

[Event "39th World U20 ch"]
[Site "Yerevan ARM"]
[Date "2000.09.19"]
[Round "2.11"]
[White "Senff, Martin"]
[Black "Acs, Peter"]
[Result "1/2-1/2"]
[WhiteElo "2354"]
[BlackElo "2497"]
[EventDate "2000.09.18"]
[PlyCount "111"]

1.e4 c5 2.Nf3 d6 3.d4 cxd4 4.Nxd4 Nf6 5.Nc3 a6 6.Bc4 e6 7.Bb3 Nc6 8.Be3 
Qc7 9.Qe2 Na5 10.g4 b5 11.g5 b4 12.Ncb5 axb5 13.gxf6 gxf6 14.Nxb5 Qb7 15.
Qd3 Qb8 16.Rd1 Nxb3 17.axb3 Ra5 18.Nxd6+ Bxd6 19.Qxd6 Qxd6 20.Rxd6 Bb7 21.
Kd2 Bxe4 22.Rg1 Ke7 23.Rd4 f5 24.Rxb4 Rd5+ 25.Kc3 e5 26.f4 exf4 27.Bxf4 
Ra8 28.Rg7 Rd1 29.Bg5+ Ke6 30.Rxh7 Rc8+ 31.Rc4 Rg8 32.h4 Rh1 33.Rh6+ Rg6 
34.Rxg6+ fxg6 35.Kd4 Rh2 36.c3 Rxb2 37.b4 Rg2 38.Rc8 Rg4 39.Re8+ Kd7 40.
Rd8+ Kc7 41.Rf8 Bc2+ 42.Ke5 Rc4 43.Kf6 f4 44.Kg7 Rxc3 45.Bxf4+ Kb7 46.Rb8+
Ka7 47.b5 Rc4 48.b6+ Ka6 49.Bg5 Bf5 50.Bd8 Be4 51.Kf6 Rc6+ 52.Ke5 Rc4 53.
Bc7 Bb7 54.Rh8 Rc5+ 55.Kf6 Rh5 56.Rxh5 1/2-1/2

[Event "39th World U20 ch"]
[Site "Yerevan ARM"]
[Date "2000.09.19"]
[Round "2.12"]
[White "Solak, Dragan"]
[Black "Kozhukharov, Spas"]
[Result "1-0"]
[WhiteElo "2490"]
[BlackElo "2196"]
[EventDate "2000.09.18"]
[PlyCount "71"]

1.e4 c5 2.Nf3 d6 3.d4 cxd4 4.Nxd4 Nf6 5.Nc3 g6 6.Be3 Bg7 7.f3 O-O 8.Qd2 
Nc6 9.O-O-O d5 10.exd5 Nxd5 11.Nxc6 bxc6 12.Nxd5 cxd5 13.Qxd5 Qc7 14.Qc5 
Qb7 15.Qa3 Bf5 16.Bd3 Rab8 17.b3 Rfc8 18.Bxf5 gxf5 19.Rd3 Qc7 20.c4 Qe5 
21.Rhd1 Qa1+ 22.Kc2 Qf6 23.Bd4 e5 24.Bc3 Qh4 25.R1d2 Qxh2 26.Qe7 h6 27.Rd7
Rf8 28.c5 Rbe8 29.Qd6 Re6 30.Qd5 Bf6 31.c6 Qg1 32.c7 Qb6 33.Qa5 Kg7 34.
Qxb6 axb6 35.Rd8 Ree8 36.c8=Q 1-0

[Event "39th World U20 ch"]
[Site "Yerevan ARM"]
[Date "2000.09.19"]
[Round "2.13"]
[White "Kose, Serkan"]
[Black "Ghaem Maghami, Ehsan"]
[Result "1-0"]
[WhiteElo "2200"]
[BlackElo "2488"]
[EventDate "2000.09.18"]
[PlyCount "69"]

1.e4 c5 2.Nf3 e6 3.c3 Nf6 4.d3 Nc6 5.Be2 d5 6.e5 Nd7 7.d4 f6 8.exf6 Nxf6 
9.Ne5 Bd6 10.f4 O-O 11.Be3 cxd4 12.cxd4 Qb6 13.Nc3 Nxe5 14.fxe5 Bxe5 15.
dxe5 Qxe3 16.exf6 Rxf6 17.Qd3 Qf2+ 18.Kd2 Qxg2 19.Rag1 Qf2 20.Rf1 Qh4 21.
Rxf6 Qxf6 22.Rf1 Qe7 23.Qe3 Bd7 24.Bd3 Qb4 25.Qf3 d4 26.Qf7+ Kh8 27.Qh5 
dxc3+ 28.bxc3 Qb2+ 29.Bc2 g6 30.Qe5+ Kg8 31.Qf6 Qxa2 32.Qf7+ Kh8 33.Qe7 
Qd5+ 34.Kc1 h6 35.Qf6+ 1-0

[Event "39th World U20 ch"]
[Site "Yerevan ARM"]
[Date "2000.09.19"]
[Round "2.14"]
[White "Halkias, Stelios"]
[Black "Ginzburg, Mikhail"]
[Result "1-0"]
[WhiteElo "2502"]
[BlackElo "2276"]
[EventDate "2000.09.18"]
[PlyCount "51"]

1.d4 d5 2.c4 e6 3.Nf3 c6 4.e3 Nf6 5.Bd3 Nbd7 6.O-O Bd6 7.Nbd2 O-O 8.e4 
dxe4 9.Nxe4 Nxe4 10.Bxe4 Nf6 11.Bc2 h6 12.b3 b6 13.Bb2 Bb7 14.Qd3 Re8 15.
Rae1 Be7 16.Ne5 c5 17.d5 exd5 18.Ng4 Ne4 19.cxd5 f5 20.Rxe4 fxe4 21.Qxe4 
Bf6 22.Qh7+ Kf8 23.Nxf6 gxf6 24.Qxh6+ Kf7 25.Bg6+ Ke7 26.Re1+ 1-0

[Event "39th World U20 ch"]
[Site "Yerevan ARM"]
[Date "2000.09.19"]
[Round "2.15"]
[White "Asauskas, Henrikas"]
[Black "Harikrishna, Pentala"]
[Result "0-1"]
[WhiteElo "2245"]
[BlackElo "2500"]
[EventDate "2000.09.18"]
[PlyCount "38"]

1.e4 e6 2.Nf3 d5 3.e5 c5 4.b4 cxb4 5.a3 d4 6.axb4 Bxb4 7.Bb2 Nc6 8.Bb5 Bc5
9.c3 d3 10.Qa4 Bd7 11.Qg4 Nge7 12.Bxd3 Qb6 13.Ra2 Bxf2+ 14.Ke2 Bc5 15.Na3 
Ng6 16.Nc4 Qc7 17.Ba3 Bxa3 18.Rxa3 O-O 19.Qh5 Nf4+ 0-1

[Event "39th World U20 ch"]
[Site "Yerevan ARM"]
[Date "2000.09.19"]
[Round "2.16"]
[White "Bunzmann, Dimitrij"]
[Black "Simutowe, Amon"]
[Result "1/2-1/2"]
[WhiteElo "2484"]
[BlackElo "2322"]
[EventDate "2000.09.18"]
[PlyCount "37"]

1.e4 c5 2.Nf3 d6 3.d4 cxd4 4.Nxd4 Nf6 5.Nc3 Nc6 6.Bg5 a6 7.Qd2 Bd7 8.O-O-O
e6 9.f3 h6 10.Nxc6 Bxc6 11.Bf4 Qa5 12.Kb1 O-O-O 13.Bc4 Nd7 14.Ne2 Qxd2 15.
Rxd2 Ne5 16.Bb3 Be7 17.Rhd1 g5 18.Be3 Kc7 19.Bd4 1/2-1/2

[Event "39th World U20 ch"]
[Site "Yerevan ARM"]
[Date "2000.09.19"]
[Round "2.17"]
[White "Gagunashvili, Merab"]
[Black "Berg, Emanuel"]
[Result "1/2-1/2"]
[WhiteElo "2321"]
[BlackElo "2456"]
[EventDate "2000.09.18"]
[PlyCount "144"]

1.d4 e6 2.c4 Nf6 3.Nf3 Bb4+ 4.Bd2 Bxd2+ 5.Qxd2 O-O 6.Nc3 d5 7.e3 Qe7 8.Rc1
Rd8 9.Qc2 dxc4 10.Bxc4 c5 11.O-O Nc6 12.dxc5 Qxc5 13.Ne4 Qf5 14.Nxf6+ Qxf6
15.Rfd1 Bd7 16.Qc3 Qxc3 17.Rxc3 Kf8 18.Kf1 Ke7 19.Ke1 Rac8 20.Be2 f6 21.
Nd2 Nb4 22.Rxc8 Rxc8 23.a3 Nd5 24.Bc4 Nb6 25.Bd3 Na4 26.Rb1 Nc5 27.Bc4 Be8
28.f3 g5 29.Ke2 Bg6 30.e4 f5 31.exf5 Bxf5 32.Ra1 Na4 33.Ra2 a6 34.Bd3 Rc1 
35.g4 Bxd3+ 36.Kxd3 Nc5+ 37.Ke2 Na4 38.Kd3 Nc5+ 39.Ke2 e5 40.b4 Ne6 41.Ne4
h6 42.Ke3 b6 43.Ng3 Nd4 44.Ne2 Rc2 45.Rxc2 Nxc2+ 46.Ke4 Ke6 47.Nc3 Nxa3 
48.Nd5 a5 49.Nxb6 axb4 50.Na4 Kd6 51.Nb2 b3 52.h3 Ke6 53.Na4 Kf6 54.Kd3 
Nb5 55.Nc5 Nd4 56.Kc3 Nxf3 57.Kxb3 Ng1 58.Kc4 Nxh3 59.Kd5 Nf4+ 60.Kd6 Ng6 
61.Ne4+ Kf7 62.Ng3 Kg7 63.Ke6 Kh7 64.Kf6 Nf4 65.Kxe5 Ng2 66.Nf5 Kg6 67.
Ne7+ Kg7 68.Nf5+ Kh7 69.Kf6 Nh4 70.Ng3 Nf3 71.Ne4 Nh2 72.Nxg5+ hxg5 
1/2-1/2

[Event "39th World U20 ch"]
[Site "Yerevan ARM"]
[Date "2000.09.19"]
[Round "2.18"]
[White "Aronian, Levon"]
[Black "Goldenberg, Danny"]
[Result "1-0"]
[WhiteElo "2551"]
[BlackElo "2310"]
[EventDate "2000.09.18"]
[PlyCount "57"]

1.c4 Nf6 2.Nc3 g6 3.g3 Bg7 4.Bg2 O-O 5.Nf3 c6 6.d4 d5 7.Qb3 dxc4 8.Qxc4 
Nbd7 9.O-O Nb6 10.Qd3 Be6 11.Rd1 Qc8 12.b3 Bh3 13.Bh1 Qf5 14.e4 Qh5 15.Ne2
Bg4 16.a4 e5 17.dxe5 Nfd7 18.Ra2 Nxe5 19.Nxe5 Bxe5 20.f3 Be6 21.Rc2 Nd7 
22.Qe3 Rad8 23.Ba3 Nc5 24.Rcd2 Rxd2 25.Rxd2 Nxb3 26.Rd3 Bc7 27.Bxf8 Bb6 
28.Qxb6 axb6 29.Rd8 1-0

[Event "39th World U20 ch"]
[Site "Yerevan ARM"]
[Date "2000.09.19"]
[Round "2.19"]
[White "Arutinian, David"]
[Black "Blehm, Pawel"]
[Result "1/2-1/2"]
[WhiteElo "2309"]
[BlackElo "2510"]
[EventDate "2000.09.18"]
[PlyCount "80"]

1.e4 c5 2.Nf3 d6 3.d4 cxd4 4.Nxd4 Nf6 5.Nc3 Nc6 6.Be2 g6 7.O-O Bg7 8.Nb3 
O-O 9.Re1 b6 10.Bf1 Bb7 11.Nd5 Nd7 12.c3 e6 13.Ne3 Nc5 14.f3 h6 15.Nd4 Ne7
16.c4 d5 17.cxd5 exd5 18.e5 Nc6 19.Nxc6 Bxc6 20.Nc2 Re8 21.Nd4 Bd7 22.f4 
f6 23.Qf3 Ne4 24.Qb3 fxe5 25.Nf3 Be6 26.fxe5 Kh7 27.Be3 Qe7 28.Bd4 Rad8 
29.Qe3 Bg4 30.Rac1 Bxf3 31.Qxf3 Rf8 32.Qa3 Qf7 33.Bd3 Rc8 34.Rcd1 Qf4 35.
Bxe4 dxe4 36.Qe7 Rc2 37.e6 Rxg2+ 38.Kxg2 Qg4+ 39.Kh1 Qf3+ 40.Kg1 Qg4+ 
1/2-1/2

[Event "39th World U20 ch"]
[Site "Yerevan ARM"]
[Date "2000.09.19"]
[Round "2.20"]
[White "Petrik, Tomas"]
[Black "Izoria, Zviad"]
[Result "0-1"]
[WhiteElo "2289"]
[BlackElo "2450"]
[EventDate "2000.09.18"]
[PlyCount "60"]

1.e4 c6 2.d4 d5 3.exd5 cxd5 4.c4 Nf6 5.Nc3 e6 6.Nf3 Bb4 7.Bd2 O-O 8.c5 a5 
9.Na4 Ra7 10.Bd3 Bxd2+ 11.Nxd2 Bd7 12.O-O Qe8 13.Bc2 b5 14.cxb6 Rb7 15.Rb1
Qd8 16.b4 axb4 17.Rxb4 Na6 18.Rb1 Bxa4 19.Bxa4 Rxb6 20.Qe2 Rxb1 21.Rxb1 
Qa5 22.Bb5 Qxa2 23.Bxa6 Ne4 24.f3 Nc3 25.Qd3 Nxb1 26.Nxb1 Rb8 27.Bb5 Rc8 
28.Nd2 Rc2 29.Nf1 Rxg2+ 30.Kh1 Qf2 0-1

[Event "39th World U20 ch"]
[Site "Yerevan ARM"]
[Date "2000.09.19"]
[Round "2.21"]
[White "Fontaine, Robert"]
[Black "Jirka, Jiri"]
[Result "1/2-1/2"]
[WhiteElo "2449"]
[BlackElo "2302"]
[EventDate "2000.09.18"]
[PlyCount "105"]

1.e4 e5 2.Nf3 Nc6 3.Bb5 Nd4 4.Nxd4 exd4 5.O-O Bc5 6.d3 c6 7.Ba4 d6 8.Nd2 
Nf6 9.h3 O-O 10.Bb3 d5 11.e5 Ne8 12.f4 f6 13.Nf3 fxe5 14.fxe5 Nc7 15.Qe1 
Bf5 16.Bd2 Qe7 17.Qg3 Rae8 18.Rf2 Kh8 19.Raf1 h6 20.Kh2 Bh7 21.a3 Rf7 22.
Nh4 Ref8 23.Rxf7 Rxf7 24.Rxf7 Qxf7 25.Nf3 Ne6 26.Ba2 Bb6 27.b4 a6 28.Bb3 
Qg6 29.Qxg6 Bxg6 30.Be1 Kg8 31.Bf2 Bc7 32.g3 Kf7 33.Kg2 Bh5 34.g4 Bg6 35.
Bg3 Bd8 36.Kf1 Bb6 37.Nh4 Ng5 38.Kg2 Ne6 39.Nf5 Bc7 40.Kf2 Bh7 41.Ke2 g6 
42.Nd6+ Bxd6 43.exd6 Kf6 44.h4 g5 45.Kd2 Bg8 46.a4 b5 47.axb5 axb5 48.c4 
dxc3+ 49.Kxc3 Nf4 50.hxg5+ hxg5 51.Kd2 Be6 52.Bd1 Ke5 53.Bf3 1/2-1/2

[Event "39th World U20 ch"]
[Site "Yerevan ARM"]
[Date "2000.09.19"]
[Round "2.22"]
[White "Mateuta, Gabriel"]
[Black "Fernando, Diogo"]
[Result "1/2-1/2"]
[WhiteElo "2409"]
[BlackElo "2257"]
[EventDate "2000.09.18"]
[PlyCount "49"]

1.c4 f5 2.g3 Nf6 3.Bg2 g6 4.Nc3 Bg7 5.d3 O-O 6.e4 d6 7.Nge2 e5 8.O-O c6 9.
b4 f4 10.gxf4 Nh5 11.fxe5 dxe5 12.Kh1 Nf4 13.Nxf4 exf4 14.Bb2 Be6 15.f3 
Nd7 16.Qe2 a5 17.b5 a4 18.Rad1 a3 19.Ba1 Bd4 20.bxc6 bxc6 21.Qc2 Ne5 22.
Qc1 Be3 23.Qc2 Bd4 24.Qc1 Be3 25.Qc2 1/2-1/2

[Event "39th World U20 ch"]
[Site "Yerevan ARM"]
[Date "2000.09.19"]
[Round "2.23"]
[White "Jakic, Ivan"]
[Black "Fedorchuk, Sergei"]
[Result "0-1"]
[WhiteElo "2272"]
[BlackElo "2408"]
[EventDate "2000.09.18"]
[PlyCount "52"]

1.e4 e5 2.Nf3 Nc6 3.d4 exd4 4.c3 Nf6 5.e5 Nd5 6.cxd4 Bb4+ 7.Nbd2 d6 8.Bb5 
O-O 9.O-O Bg4 10.Bxc6 bxc6 11.Nc4 f6 12.e6 Qb8 13.a3 Qb5 14.Ne3 Bxf3 15.
Qxf3 Ba5 16.Nf5 Rfe8 17.Bh6 g6 18.b4 Bb6 19.Rfe1 a5 20.bxa5 Bxa5 21.e7 
Bxe1 22.Rxe1 Nxe7 23.Ng7 Rf8 24.h3 Rf7 25.Ne6 Nf5 26.Bd2 Qd5 0-1

[Event "39th World U20 ch"]
[Site "Yerevan ARM"]
[Date "2000.09.19"]
[Round "2.24"]
[White "Pridorozhny, Alexei"]
[Black "Haznedaroglu, Kivanc"]
[Result "1/2-1/2"]
[WhiteElo "2396"]
[BlackElo "2249"]
[EventDate "2000.09.18"]
[PlyCount "97"]

1.e4 c5 2.Nf3 e6 3.d4 cxd4 4.Nxd4 a6 5.Nc3 b5 6.Bd3 Qc7 7.O-O h5 8.Be3 Nf6
9.h3 Bb7 10.a3 Nc6 11.Nxc6 Bxc6 12.Re1 Be7 13.Qd2 Kf8 14.Bd4 d6 15.Rad1 h4
16.Na2 e5 17.Bc3 Rh6 18.Qe2 Nh7 19.Nb4 Bb7 20.Bd2 Bg5 21.Bxg5 Nxg5 22.Qe3 
Ne6 23.Be2 Nf4 24.Bg4 Rg6 25.g3 hxg3 26.fxg3 Ne6 27.Bf5 Rh6 28.c3 Nc5 29.
Rf1 a5 30.Nd5 Bxd5 31.Rxd5 Rb8 32.g4 b4 33.axb4 axb4 34.g5 Rh4 35.Qg3 Rf4 
36.Rxf4 exf4 37.Qxf4 bxc3 38.bxc3 Rb1+ 39.Kg2 Rb2+ 40.Kg3 Nb7 41.Rd3 Rc2 
42.Kg4 Rxc3 43.Rxc3 Qxc3 44.Be6 Qc7 45.g6 f6 46.Bd5 Nc5 47.Qf5 Ke7 48.h4 
Qb8 49.h5 1/2-1/2

[Event "39th World U20 ch"]
[Site "Yerevan ARM"]
[Date "2000.09.19"]
[Round "2.25"]
[White "Kabanov, Nikolai"]
[Black "Gombac, Jan"]
[Result "1-0"]
[WhiteElo "2385"]
[BlackElo "2215"]
[EventDate "2000.09.18"]
[PlyCount "95"]

1.b3 e5 2.Bb2 Nc6 3.e3 a6 4.c4 Nf6 5.Nc3 Be7 6.Nf3 O-O 7.d4 exd4 8.Nxd4 
Bb4 9.a3 Bc5 10.Nf3 d6 11.b4 Bb6 12.Nd5 Nxd5 13.cxd5 Ne7 14.Bd3 Bf5 15.O-O
Bxd3 16.Qxd3 Qd7 17.Rac1 Qb5 18.Qc3 f6 19.Rfd1 a5 20.Qb3 axb4 21.axb4 Ra4 
22.Rc4 Rfa8 23.e4 Ra2 24.Rdc1 Ng6 25.g3 Ne5 26.Nxe5 fxe5 27.R1c2 Qd7 28.
Kg2 Qa4 29.Qxa4 R8xa4 30.f4 exf4 31.gxf4 Bc5 32.bxc5 Rxb2 33.Rxb2 Rxc4 34.
cxd6 cxd6 35.Kf3 Rc3+ 36.Kg4 Rc4 37.Kf5 g6+ 38.Ke6 Rxe4+ 39.Kxd6 Rxf4 40.
Kc7 Rf7+ 41.Kc8 Rf5 42.d6 Kf7 43.Rxb7+ Ke6 44.d7 Rf8+ 45.d8=Q Rxd8+ 46.
Kxd8 h5 47.Rb5 Kf6 48.h4 1-0

[Event "39th World U20 ch"]
[Site "Yerevan ARM"]
[Date "2000.09.19"]
[Round "2.26"]
[White "Varela, Gaston"]
[Black "Al-Sayed, Mohamad Naser"]
[Result "1/2-1/2"]
[WhiteElo "2249"]
[BlackElo "2370"]
[EventDate "2000.09.18"]
[PlyCount "156"]

1.d4 Nf6 2.Nf3 g6 3.c4 Bg7 4.g3 O-O 5.Bg2 d6 6.O-O Nc6 7.Nc3 a6 8.d5 Na5 
9.Nd2 c5 10.Qc2 Rb8 11.b3 b5 12.Rb1 e5 13.cxb5 axb5 14.b4 cxb4 15.Rxb4 Bd7
16.Bb2 Bh6 17.e3 Bf5 18.e4 Bd7 19.Rb1 Qc7 20.Ba1 Qc5 21.h3 Nh5 22.Nf1 f5 
23.Bf3 Nf6 24.Qe2 Nc4 25.exf5 gxf5 26.a4 Na3 27.R1b3 bxa4 28.Rxb8 axb3 29.
Rxb3 Ra8 30.Qa2 Ra7 31.Rb8+ Kg7 32.Qb3 Nc2 33.Qxc2 Rxa1 34.Qb2 Ra3 35.Rb3 
Ra7 36.Bg2 Qc4 37.Rb4 Qd3 38.Rb3 Qd4 39.Rb4 Bc1 40.Qb3 Ra3 41.Rxd4 Rxb3 
42.Rc4 Bb2 43.Nd1 Bd4 44.Nfe3 Rb1 45.Kh2 Kg6 46.Nc3 Rb3 47.Ncd1 Bb5 48.Rc7
f4 49.gxf4 exf4 50.Nc4 Bxc4 51.Rxc4 Rd3 52.Bf3 Kg5 53.Kg2 Nd7 54.Rc1 h5 
55.Be2 Rd2 56.Kf1 Ne5 57.Nc3 Bxc3 58.Rxc3 Rxd5 59.Ra3 Rc5 60.Kg2 Rc2 61.
Kf1 h4 62.Rb3 Kf6 63.Rb4 f3 64.Bxf3 Rxf2+ 65.Kxf2 Nd3+ 66.Ke3 Nxb4 67.Kf4 
Nd3+ 68.Ke4 Nf2+ 69.Kd5 Kf5 70.Kxd6 Kf4 71.Bg2 Kg3 72.Bb7 Nxh3 73.Ke5 Nf2 
74.Kd4 h3 75.Ke3 Ng4+ 76.Ke2 Kh2 77.Kf1 Kg3 78.Ke2 Nh6 1/2-1/2

[Event "39th World U20 ch"]
[Site "Yerevan ARM"]
[Date "2000.09.19"]
[Round "2.27"]
[White "Kruger, Peter Helentus"]
[Black "Saric, Ibro"]
[Result "1-0"]
[WhiteElo "2085"]
[BlackElo "2345"]
[EventDate "2000.09.18"]
[PlyCount "57"]

1.e4 c5 2.Nc3 d6 3.g3 Nc6 4.Bg2 g6 5.d3 Bg7 6.Nh3 e6 7.O-O Nge7 8.Be3 O-O 
9.Qd2 Rb8 10.Rae1 b5 11.f4 b4 12.Nd1 Qa5 13.g4 f5 14.gxf5 exf5 15.e5 d5 
16.c4 d4 17.Bf2 Qxa2 18.Bh4 h6 19.Bf3 Kh7 20.Qg2 Qb3 21.Ndf2 Rb6 22.Kh1 
Rg8 23.Bf6 Rf8 24.Bxc6 Bxf6 25.exf6 Nxc6 26.Ng5+ Kh8 27.Nf7+ Kh7 28.Rg1 
Rg8 29.Nxh6 1-0

[Event "39th World U20 ch"]
[Site "Yerevan ARM"]
[Date "2000.09.20"]
[Round "3.1"]
[White "Asrian, Karen"]
[Black "Solak, Dragan"]
[Result "1/2-1/2"]
[WhiteElo "2566"]
[BlackElo "2490"]
[EventDate "2000.09.18"]
[PlyCount "51"]

1.e4 c5 2.Nf3 e6 3.d4 cxd4 4.Nxd4 a6 5.Nc3 Qc7 6.Be2 b5 7.O-O b4 8.Na4 Nf6
9.e5 Nd5 10.c4 bxc3 11.Nxc3 Nxc3 12.bxc3 Bb7 13.Bf3 Nc6 14.Rb1 Be7 15.Bxc6
dxc6 16.Qb3 O-O-O 17.Qc4 c5 18.Ba3 Rd7 19.Nb3 Qxe5 20.Nxc5 Bxc5 21.Bxc5 
Qd5 22.Qxd5 Rxd5 23.Be3 Rb5 24.c4 Rxb1 25.Rxb1 Rd8 26.h3 1/2-1/2

[Event "39th World U20 ch"]
[Site "Yerevan ARM"]
[Date "2000.09.20"]
[Round "3.2"]
[White "Bruzon Batista, Lazaro"]
[Black "Perelshteyn, Eugene"]
[Result "1-0"]
[WhiteElo "2534"]
[BlackElo "2424"]
[EventDate "2000.09.18"]
[PlyCount "69"]

1.e4 c5 2.Nf3 g6 3.d4 cxd4 4.Nxd4 Nc6 5.c4 Nf6 6.Nc3 d6 7.Be2 Nxd4 8.Qxd4 
Bg7 9.O-O O-O 10.Qd3 Bd7 11.Be3 a6 12.f3 b5 13.cxb5 axb5 14.a3 Rb8 15.b4 
Bc6 16.a4 bxa4 17.b5 Bb7 18.Rxa4 Nd7 19.Ra3 Nc5 20.Qc4 Rc8 21.Qb4 f5 22.
exf5 gxf5 23.Rd1 e6 24.b6 Qe7 25.Nb5 Rfd8 26.Ra7 Rd7 27.Nc7 Rb8 28.Bb5 
Rdd8 29.Bc4 Kh8 30.Qb5 Qh4 31.Bf2 Qg5 32.Rxb7 Rxb7 33.Rxd6 Rbb8 34.Rxd8+ 
Rxd8 35.Qxc5 1-0

[Event "39th World U20 ch"]
[Site "Yerevan ARM"]
[Date "2000.09.20"]
[Round "3.6"]
[White "Jobava, Baadur"]
[Black "Zhang Pengxiang"]
[Result "1-0"]
[WhiteElo "2480"]
[BlackElo "2525"]
[EventDate "2000.09.18"]
[PlyCount "85"]

1.d4 d5 2.c4 c6 3.Nf3 Nf6 4.Nc3 e6 5.Bg5 h6 6.Bh4 dxc4 7.e4 g5 8.Bg3 b5 9.
Ne5 h5 10.h3 Bb7 11.Qf3 Rh7 12.O-O-O Nbd7 13.d5 Nxe5 14.Bxe5 Nd7 15.dxe6 
fxe6 16.Be2 Qe7 17.Bc7 g4 18.hxg4 b4 19.Na4 Qg5+ 20.Qf4 Qb5 21.Rxh5 Qxh5 
22.gxh5 Bh6 23.Qxh6 Rxh6 24.g4 c5 25.g5 Rh8 26.h6 Bc6 27.Bh5+ Kf8 28.Nxc5 
Nxc5 29.Bd6+ Kg8 30.Bxc5 Bxe4 31.Bxb4 Rh7 32.Rd6 Bf5 33.Bd2 c3 34.Bxc3 Rc8
35.Kd2 a5 36.Bxa5 Ra7 37.Bc3 Kh7 38.a4 e5 39.Rf6 Bb1 40.Bxe5 Rd7+ 41.Ke3 
Rc1 42.Bc3 Rg1 43.Rf8 1-0

[Event "39th World U20 ch"]
[Site "Yerevan ARM"]
[Date "2000.09.20"]
[Round "3.7"]
[White "Iliushin, Alexei"]
[Black "Lopez Martinez, Josep Manuel"]
[Result "1/2-1/2"]
[WhiteElo "2509"]
[BlackElo "2477"]
[EventDate "2000.09.18"]
[PlyCount "55"]

1.d4 d5 2.c4 c6 3.Nf3 Nf6 4.Qc2 g6 5.Bf4 Bg7 6.e3 O-O 7.Nc3 c5 8.O-O-O 
cxd4 9.Nxd4 Nc6 10.cxd5 Nxd4 11.Rxd4 Nh5 12.Rd2 Nxf4 13.exf4 Bf5 14.Bd3 
Bxd3 15.Qxd3 Rc8 16.Rc2 Rc5 17.Rd1 Qa5 18.Kb1 Rd8 19.Qe3 Bxc3 20.Rxc3 
Rcxd5 21.Rdc1 R5d7 22.g4 e6 23.h4 Qd5 24.h5 gxh5 25.f5 hxg4 26.Qg5+ Kf8 
27.Qh6+ Kg8 28.Qg5+ 1/2-1/2

[Event "39th World U20 ch"]
[Site "Yerevan ARM"]
[Date "2000.09.20"]
[Round "3.8"]
[White "Felgaer, Ruben"]
[Black "Halkias, Stelios"]
[Result "1/2-1/2"]
[WhiteElo "2390"]
[BlackElo "2502"]
[EventDate "2000.09.18"]
[PlyCount "70"]

1.e4 c5 2.Nf3 Nc6 3.d4 cxd4 4.Nxd4 Nf6 5.Nc3 e5 6.Ndb5 d6 7.a4 a6 8.Na3 
Bg4 9.Be2 Bxe2 10.Qxe2 d5 11.Bg5 Nd4 12.Qd3 dxe4 13.Nxe4 Be7 14.Bxf6 gxf6 
15.O-O Qc7 16.c3 Ne6 17.Qf3 O-O-O 18.Nc2 Rhg8 19.Ne3 Nf4 20.Ng3 Rd2 21.b4 
Rd3 22.Qe4 Rxc3 23.b5 axb5 24.Qxh7 Rg6 25.Ne4 Rxe3 26.fxe3 Qc2 27.Qh8+ Kd7
28.Rad1+ Ke6 29.Nd2 Rxg2+ 30.Kh1 Rxd2 31.Rxd2 Qe4+ 32.Kg1 Qg6+ 33.Kh1 Qe4+
34.Kg1 Qg6+ 35.Kh1 Qe4+ 1/2-1/2

[Event "39th World U20 ch"]
[Site "Yerevan ARM"]
[Date "2000.09.20"]
[Round "3.10"]
[White "Sargissian, Gabriel"]
[Black "Ganguly, Surya Shekhar"]
[Result "1/2-1/2"]
[WhiteElo "2474"]
[BlackElo "2498"]
[EventDate "2000.09.18"]
[PlyCount "106"]

1.d4 d5 2.c4 dxc4 3.e3 Nf6 4.Bxc4 e6 5.Nc3 c5 6.d5 exd5 7.Nxd5 Be6 8.Nxf6+
Qxf6 9.Bxe6 Qxe6 10.Nf3 Be7 11.O-O O-O 12.Bd2 Nc6 13.Qc2 Rfd8 14.Bc3 Rd7 
15.Rfd1 Rxd1+ 16.Qxd1 Rd8 17.Qb3 Qxb3 18.axb3 f6 19.Kf1 Kf7 20.Ke2 b5 21.
Ra6 Rd6 22.Ra1 Bd8 23.Ne1 Bb6 24.Nd3 Rd5 25.Be1 b4 26.Rd1 Na5 27.Nc1 Ke6 
28.Rxd5 Kxd5 29.Kd1 Bc7 30.h3 Bd6 31.Kc2 c4 32.bxc4+ Kxc4 33.b3+ Kb5 34.
Nd3 Nb7 35.g4 a5 36.f4 a4 37.bxa4+ Kxa4 38.e4 Na5 39.e5 fxe5 40.fxe5 Be7 
41.Nf4 Nc6 42.Nd5 Bc5 43.e6 Nd4+ 44.Kd3 Nxe6 45.Kc4 b3 46.Bc3 Ka3 47.Be5 
b2 48.Nc3 Be7 49.Nb1+ Ka2 50.Nc3+ Ka1 51.Kd5 Ng5 52.Bxg7 Nxh3 53.Nd1 Ba3 
1/2-1/2

[Event "39th World U20 ch"]
[Site "Yerevan ARM"]
[Date "2000.09.20"]
[Round "3.11"]
[White "Aronian, Levon"]
[Black "Senff, Martin"]
[Result "1-0"]
[WhiteElo "2551"]
[BlackElo "2354"]
[EventDate "2000.09.18"]
[PlyCount "109"]

1.d4 d5 2.Nf3 Nf6 3.g3 e6 4.Bg2 b5 5.O-O Nbd7 6.Ne5 c5 7.Bg5 h6 8.Nxd7 
Bxd7 9.Bxf6 Qxf6 10.e4 dxe4 11.c3 Bc6 12.Nd2 Qf5 13.Re1 Be7 14.a4 cxd4 15.
Nb3 Bf6 16.Nxd4 Bxd4 17.Qxd4 O-O 18.Bxe4 Bxe4 19.Qxe4 Qc5 20.b4 Qxc3 21.
axb5 Rac8 22.Rxa7 Rc4 23.Qe3 Qxb4 24.Rb7 Rd8 25.Ra1 Qb2 26.Rf1 Rdc8 27.Qf3
R8c7 28.Rb8+ Rc8 29.Rb7 R8c7 30.Rxc7 Rxc7 31.Qd3 Rc3 32.Rb1 Rxd3 33.Rxb2 
Kf8 34.b6 Rd8 35.Kg2 Ke7 36.Kf3 Rb8 37.b7 Kd6 38.Kf4 f6 39.Kg4 Ke7 40.Rb6 
Kf7 41.f4 g5 42.Kf3 Ke7 43.Ke4 gxf4 44.gxf4 Kd7 45.h4 h5 46.Kd3 Kc7 47.
Rxe6 Kxb7 48.Rxf6 Kc7 49.Ke4 Kd7 50.Kf5 Ke7 51.Ra6 Rf8+ 52.Kg5 Rg8+ 53.Rg6
Rh8 54.Rg7+ Ke8 55.f5 1-0